000 00942cab a2200289 4500
001 X2314
008 090401t1995 xxu||||| |||| 00| 0 eng d
035 _a(Sirsi) u23310
041 _aeng
245 _aSelected property law update for practitioners
260 _c1995
350 _a0
490 _aCSM (Chartered Surveyor Monthly)
_v4(7) May 1995, 12(1)
650 _aALTERATION OF LISTS
650 _aTOWN AND COUNTRY PLANNING (ASSESSMENT OF ENVIRONMENTAL EFFECTS) REGULATIONS 1988
650 _aGENERAL PERMITTED DEVELOPMENT ORDER 1995
650 _aENVIRONMENTAL ASSESSMENTS
650 _aGENERAL DEVELOPMENT ORDER 1988
650 _aTOWN AND COUNTRY PLANNING (GENERAL DEVELOPMENT PROCEDURE) ORDER 1995
650 _aNON-DOMESTIC RATES
650 _aPERMITTED DEVELOPMENT
650 _aUNOCCUPIED PROPERTY
650 _aVALUATION LISTS
690 _aPROPERTY LAW AND PRACTICE
942 _n0
948 _c04/03/1997
999 _c15589
_d15589